000 00804nam a22002177a 4500
003 LK-CoDNM
005 20241014132731.0
008 241014b |||||||| |||| 00| 0 eng d
040 _aLK-CoDNM
_dLK-CoDNM
_eLK-CoDNM
041 _asin
080 _aප්‍ර.ග
_b20.3
100 _aඩබ්ලිවි ඇන්.ඇම් රත්නායක බණ්ඩාර
245 _bගුරු රැස
_a5 වැනි කාණ්ඩය 1932
_c1 වැනි කලාපය
300 _a 25 cm
650 _aගුරු රැස
650 _aඩබ්ලිවි ඇන්.ඇම් රත්නායක බණ්ඩාර
650 _a1 වැනි කලාපය
650 _a5 වැනි කාණ්ඩය 1932
650 _aප්‍ර.ග 20.3
942 _cBK
999 _c219271
_d219271